| 000 | 01055nam a22002537a 4500 | ||
|---|---|---|---|
| 999 |
_c22489 _d22489 |
||
| 003 | AR-CdUCM | ||
| 008 | 190409b ||||| |||| 00| 0 spa d | ||
| 020 | _a9786124426087 | ||
| 040 |
_aMUNICIPALIDAD PROVINCIAL DEL CUSCO _cBIBLIOTECA MUNICIPAL DEL CUSCO |
||
| 082 |
_a910.4/C81 _bC81 _2Primera edición, primera reimpresión. |
||
| 100 |
_aComunica, Luisito _948310 |
||
| 245 |
_aLugares asombrosos : _btravesías insólitas y otras maneras extrañas de conocer el mundo / _cLuisito Comunica |
||
| 260 |
_aLima : _bAlfaguara, _c2020. |
||
| 300 |
_a275 páginas, 4 páginas sin numerar : _bilustraciones en color, mapas ; _c23 cm. |
||
| 500 | _a"Apto para viajeros temerarios y trotamundos implacables"--Cubierta. | ||
| 505 | _aLugares abandonados. Lugares místicos. Lugares alocados. Lugares embrujados. Lugares perturbadores. | ||
| 650 |
_aViajes alrededor del mundo _948311 |
||
| 650 |
_aViajes y travesías _914972 |
||
| 650 |
_aViajeros _948312 |
||
| 650 |
_aDiarios _9810 |
||
| 650 |
_aSiglo XX _948313 |
||
| 942 |
_2ddc _cLIBROS |
||
| 945 | _arac | ||